Sistemas políticos e o modelo brasileiro / (Record no. 1065)

MARC details
000 -LÍDER
Campo Fixo de Controle 00992nam a2200301 a 4500
001 - NÚMERO DE CONTROLE
Campo de Controle 1065
003 - IDENTIFICAÇÃO DO NÚMERO DE CONTROLE
Campo de Controle BR-CuiBMT
005 - DATA E HORA DA ÚLTIMA ATUALIZAÇÃO
Campo de Controle 20231128003211.0
008 - DADOS FIXOS
Dados Fixos 230828s2012 dfba 000 0 por d
020 ## - INTERNATIONAL STANDARD BOOK NUMBER
Nº do ISBN 9788570184580
040 ## - AGÊNCIA CATALOGADORA
Código da Agência Catalogadora BR-CuiBMT
Agência que transcreveu o registro BR-CuiBMT
080 ## - Nº DA CLASSIFICAÇÃO DECIMAL UNIVERSAL
Nº Class. CDU 32
Nº edição CDU 2007
Subd. Auxiliar Comum (81)
090 ## - NÚMERO DE CHAMADA
Nº classificação 32(81)
Cutter N778s
100 1# - ENTRADA PRINCIPAL -- AUTOR PESSOAL
Nome pessoal Nogueira Filho, Octaciano da Costa
245 12 - TÍTULO PRINCIPAL
Título principal Sistemas políticos e o modelo brasileiro /
Indicação de responsabilidade Octaciano da Costa Nogueira Filho.
260 ## - PUBLICAÇÃO, DISTRIBUIÇÃO, ETC.
Local de publicação Brasília :
Editora Senado Federal. Unilegis,
Data 2012.
300 ## - DESCRIÇÃO FÍSICA
N. páginas ou volumes 268 p. ;
Ilustrações il. :
Dimensões 23 cm
490 1# - INDICAÇÃO DE SÉRIE
Título da série Edições unilegis de ciência política ;
Volume/designação sequencial da série v. 3
504 ## - NOTA DE BIBLIOGRAFIA, ETC.
Nota de bibliografia Inclui bibliografia.
590 ## - NOTA LOCAL
Nota local A biblioteca possui a 1. reimpr. 2022.
650 ## - ASSUNTO TÓPICO
Cabeçalho tópico ou nome geográfico Sistemas políticos
Subdivisão geográfica Brasil
650 ## - ASSUNTO TÓPICO
Cabeçalho tópico ou nome geográfico Sistema eleitoral
Subdivisão geográfica Brasil
650 ## - ASSUNTO TÓPICO
Cabeçalho tópico ou nome geográfico Sistema partidário
Subdivisão geográfica Brasil
650 ## - ASSUNTO TÓPICO
Cabeçalho tópico ou nome geográfico Regime de governo
Subdivisão geográfica Brasil
650 ## - ASSUNTO TÓPICO
Cabeçalho tópico ou nome geográfico Democracia
830 #0 - ENTRADA SECUNDÁRIA DE SÉRIE -- TÍTULO UNIFORME
Título uniforme Edições unilegis de ciência política ;
Nº do volume/designação sequencial da série 3
942 ## - ELEMENTOS DE ENTRADA ADICIONAIS (KOHA)
Fonte de classificação ou esquema de arquivamento Classificação Decimal Universal
Tipo de item do Koha Livros
Holdings
Estado: removido Estado: perdido Fonte de classificação ou esquema de arquivamento Estado: danificado Indisponível para empréstimo Localização permanente Localização atual Data de aquisição Total Checkouts Número de Chamada completo Código de barras Date last seen Número do exemplar Preço efetivo a partir de Tipo de item (Koha)
    Classificação Decimal Universal     Biblioteca da Escola Superior de Contas do TCE/MT Biblioteca da Escola Superior de Contas do TCE/MT 27/11/2023   32(81) N778s BIBTCEMT23111193 28/11/2023 Ex. 1 28/11/2023 Livros
    Classificação Decimal Universal     Biblioteca da Escola Superior de Contas do TCE/MT Biblioteca da Escola Superior de Contas do TCE/MT 27/11/2023   32(81) N778s BIBTCEMT23111194 28/11/2023 Ex. 2 28/11/2023 Livros
    Classificação Decimal Universal     Biblioteca da Escola Superior de Contas do TCE/MT Biblioteca da Escola Superior de Contas do TCE/MT 27/11/2023   32(81) N778s BIBTCEMT23111195 28/11/2023 Ex. 3 28/11/2023 Livros

Powered by Koha